000
00330nam a2200145Ia 4500
008
150201s2006 xx 000 0 und d
082
_a
610
_b
M2006A
100
_a
ALBERT,RICHARDS
245
_a
THE MERCK MANUAL
250
_a
18TH
260
_b
ELSEVIER
_a
DELHI
_c
2006
300
_a
Jan-90
650
_a
MEDICINE
942
_2
ddc
_c
BK
999
_c
3738
_d
3738